| 000 | 00605 a2200193 4500 | ||
|---|---|---|---|
| 001 | 63920 | ||
| 005 | 20260407155938.0 | ||
| 008 | 260407a1958 arg spa d | ||
| 003 | AR-UNSa-BCEJYS | ||
| 040 |
_aAR-UNSa-BCEJYS _bspa _cAR-UNSa-BCEJYS |
||
| 080 |
_a658.11 _xClases y formas de las empresas( pequeñas y medianas empresas...Pymes) |
||
| 245 | 1 | 0 |
_aLa gran empresa _pSu desarrollo y funcionamiento |
| 264 | 1 |
_aBuenos Aires : _bSelección Contable _c1958 |
|
| 300 |
_axi, 248 p. _c23 cm. |
||
| 041 | _aspa | ||
| 942 | _cBK | ||
| 590 | _aniveau_biblio:m niveau_hierar:0 | ||
| 100 | 1 | _aMaurer, Herrymon | |
| 999 |
_c8358 _d8358 |
||